| 000 | 00437nam a2200145Ia 4500 | ||
|---|---|---|---|
| 008 | 231221s9999 xx 000 0 und d | ||
| 041 | _aEnglish | ||
| 082 | _a641.3054 SEN;1 R | ||
| 100 | _aSen, Colleen Taylor Albala, Ken ed | ||
| 245 | 0 | _aFood culture in India (Food culture around the world) | |
| 260 |
_c2004 _bGreenwood _aLondon |
||
| 300 | _axxvi+197 | ||
| 650 | _aFood,culture,India,(Food,culture,around,world) | ||
| 942 | _cHM | ||
| 999 |
_c208110 _d208110 |
||